Hra na nonsens alebo hľadanie súčasnej francúzskej prózy. 2

Podrobná bibliografia
Hlavný autor: Bednárová, Katarína, 1954- (Autor)
Médium: Článok
Jazyk:slovenčina
Fyzický popis:Fot. 1.
Predmet:

MARC

LEADER 00000nab a2200000 a 4500
001 vtls000457264
003 SK-MaSNL
005 20260303164332.0
008 230313c1992 xo 0 slo
015 |a SNBRB19rr/mm-uuuuu 
035 |a CL0457395 
035 |a urn:nbn:sk:snk-abbmrt 
035 |a (urnnbn)urn:nbn:sk:snk:ar-0046cq 
035 |a (uuid)6a35cf41-ea3d-4f7d-8e6e-e5310b6f3d5c 
040 |a SNKBUCL  |b slo  |c SNKBUCL  |e AACR2 
041 0 |a slo 
044 |a xo  |c SK 
080 |a 82.09:840-3  |2 1981 
080 |a 840-3  |2 1981 
080 |a 840-3.09  |2 1981 
100 1 |a Bednárová, Katarína,  |d 1954-  |4 aut  |9 156018 
245 1 0 |a Hra na nonsens alebo hľadanie súčasnej francúzskej prózy. 2  |c Katarína Kenížová-Bednárová ; Emmanuel Carrére 
300 |b Fot. 1. 
600 1 7 |a Carrère, Emmanuel,  |d 1957-  |2 snkbucl  |9 177386 
600 1 7 |a Carrère, Emmanuel,  |d 1957-  |2 snkbucl  |9 177386 
655 7 |a články z novín a časopisov  |2 snkbucl  |9 267496 
655 7 |a články z odboru literárna veda a krásna literatúra  |2 snkbucl  |9 770045 
773 0 |t Revue svetovej literatúry  |g Roč. 28, č. 3 (1992), s. 46-48 
850 |a Slovenská národná knižnica v Martine  |a MTA001 
852 |a SNK  |b KIS3GCP 
958 |a RK 
958 |a LX 
958 |a OND 
958 |a EUIPO 
958 |a article15 
999 |c 2064629  |d 2066559